|
|
|
|
| LEADER |
00000cam a2200000 7i4500 |
| 001 |
0000003205 |
| 005 |
20050310.0 |
| 020 |
0 |
0 |
|a 9839319043
|
| 090 |
0 |
0 |
|a 597.09595
|b ABU
|
| 100 |
0 |
0 |
|a Abu Khair Mohammad
|
| 245 |
0 |
0 |
|a Marine fishes and fisheries of Malaysia and neighbouring countries
|c Abu Khair Mohammad Mohsin, Mohd. Azmi Ambak
|
| 260 |
0 |
0 |
|a Selangor :
|b Universiti Pertanian Malaysia, ,
|c 1996
|
| 300 |
|
|
|a xxxvi, 743p. :
|b ill. col. ;
|c 31cm.
|
| 650 |
0 |
0 |
|a Fisheries
|z Malaysia
|
| 650 |
0 |
0 |
|a Marine fishes
|z Malaysia
|
| 700 |
0 |
1 |
|a Mohd. Azmi Ambak
|
| 999 |
|
|
|a 0000006127
|b Monograph
|c Open Shelf
|e Default branch
|